Samajik gobeshana aru iar koushal pranali. (Record no. 518)

MARC details
000 -LEADER
fixed length control field 00546cam a2200205ua 4500
008 - FIXED-LENGTH DATA ELEMENTS--GENERAL INFORMATION
fixed length control field 110409n ii |||gr||||Z||||||eng
020 ## - INTERNATIONAL STANDARD BOOK NUMBER
International Standard Book Number 81-7339-243-9
040 ## - CATALOGING SOURCE
Transcribing agency MAIN
082 ## - DEWEY DECIMAL CLASSIFICATION NUMBER
Classification number 301.072
245 11 - TITLE STATEMENT
Title Samajik gobeshana aru iar koushal pranali.
Statement of responsibility, etc. By Gyasuddin Ahmed.
250 ## - EDITION STATEMENT
Edition statement 1st.
260 ## - PUBLICATION, DISTRIBUTION, ETC.
Place of publication, distribution, etc. Dibrugarh.:
Name of publisher, distributor, etc. Banalata.,
Date of publication, distribution, etc. 2009.
300 ## - PHYSICAL DESCRIPTION
Extent 296 p.:6 cm.
700 1# - ADDED ENTRY--PERSONAL NAME
Personal name Ahmed Gyasuddin.,
700 1# - ADDED ENTRY--PERSONAL NAME
Personal name Borgohain, Himanta.,
942 ## - ADDED ENTRY ELEMENTS (KOHA)
Koha item type Books
653 ## - INDEX TERM--UNCONTROLLED
Uncontrolled term Sociology.
653 ## - INDEX TERM--UNCONTROLLED
Uncontrolled term Samajik gobeshana aru iar koushal pranali.
Holdings
Withdrawn status Lost status Damaged status Not for loan Home library Current library Shelving location Date acquired Total Checkouts Full call number Barcode Date last seen Date last checked out Copy number Price effective from Koha item type
        Naharkatiya College Library Naharkatiya College Library General Stacks 19/09/2020 4 301.072 | AHM 19160 12/06/2023 26/05/2023 1 19/09/2020 Books

Naharkatiya College © 2020. All rights reserved.

Powered By